000 00568nam a2200193Ia 4500
005 20250508153121.0
008 008 250505s9999 xx 000 0 eng d
037 _aTextual
040 _aFEDL
_beng
_cFEDL
041 _aeng
_2eng
084 _a330.109, SEL
_qFEDL
100 _aSeligman Ben B.
245 0 _aMain currents in modern economics : Economic thought since 1870
260 _aNew York, USA
_bThe Free Press of Glencoe
_c1962
300 _axiv,887p.
650 _aEconomics
942 _cTEXL
_h330.109, SEL
999 _c1340787
_d1340787